15 Most Famous Cities in Costa Rica on a Map - Statistics

General Stats
  • This quiz has been taken 82 times
  • The average score is 7 of 15
Answers on the Map
Answers color-coded by a green-red scale on the quiz's map according to % correct below.
 
Answer Stats
Wiki Monthly Views Cityquiz Mention Rate Population Answers % Correct
50.12K 49.17% 1453.50K San José
100%
9.48K 2.33% 65.30K Limón
69%
6.59K 0.85% 196.90K Alajuela
62%
7.48K 3.83% 59.10K Liberia
62%
6.18K 0.82% 87.50K Puntarenas
58%
5.66K 0.64% 367.90K Heredia
56%
7.42K 1.85% 232.30K Cartago
55%
3.40K 0.40% 14.40K Jacó
40%
3.94K 0.08% 66.30K San Isidro de El General
36%
2.43K 0.15% 38.30K Grecia
33%
4.89K - 2.32K Monteverde
33%
2.35K 0.20% 17.30K Nicoya
33%
3.15K - 32.30K Quesada
31%
2.72K 0.01% 40.60K San Ramón
31%
5.11K 0.27% 3.87K Tamarindo
27%
No matching quizzes found
Score Distribution
Percent of People with Each Score
Percentile by Number Answered
Your Score History
You have not taken this quiz